[Event "FRM-chT2 Gp-B"]
[Site "Ohrid"]
[Date "2022.07.23"]
[Round "4.2"]
[White "Zenuni, Salim"]
[Black "Dinev, Dejan"]
[Result "0-1"]
[WhiteElo "1810"]
[BlackElo "2220"]
[PlyCount "91"]
[EventDate "2022.07.21"]
[EventType "team-tourn"]
[EventRounds "5"]
[EventCountry "MKD"]
[SourceTitle "CBM 210 Extra"]
[Source "ChessBase"]
[SourceDate "2022.11.30"]
[SourceVersion "1"]
[SourceVersionDate "2022.11.30"]
[SourceQuality "1"]
[WhiteTeam "Teuta Matejce"]
[BlackTeam "Shkupi"]
[WhiteTeamCountry "MKD"]
[BlackTeamCountry "MKD"]

1. e4 e6 2. d4 d5 3. e5 c5 4. c3 Nc6 5. Nf3 Nge7 6. Bd3 Nf5 7. 0-0 Be7 8. Bf4 g5 9. Be3 h6 10. Bxf5 exf5 11. g3 c4 12. b4 Be6 13. a4 a5 14. b5 Nb8 15. Ne1 f4 16. Bc1 Rg8 17. Ng2 Bh3 18. Qh5 Qd7 19. f3 Qe6 20. g4 Bxg2 21. Kxg2 Nd7 22. Re1 0-0-0 23. Ba3 Rg6 24. Bxe7 Qxe7 25. Nd2 Re6 26. Kf2 Re8 27. Qh3 f6 28. Qf1 fxe5 29. Nxc4 dxc4 30. Qxc4+ Kb8 31. d5 Nb6 32. Qe4 Qc5+ 33. Kg2 Nxd5 34. c4 Ne3+ 35. Kh1 Qd4 36. c5 Qxe4 37. fxe4 Nc2 38. Rac1 Nxe1 39. Rxe1 Rd8 40. Rc1 Rd4 41. c6 bxc6 42. bxc6 Kc7 43. Rc5 Rxa4 44. h4 Rxc6 45. Rxe5 Rc1+ 46. Kg2 0-1

[Event "FRM-chT2 Gp-B"]
[Site "Ohrid"]
[Date "2022.07.23"]
[Round "5.2"]
[White "Zlatkov, Anton"]
[Black "Zenuni, Salim"]
[Result "1/2-1/2"]
[WhiteElo "2149"]
[BlackElo "1810"]
[PlyCount "71"]
[EventDate "2022.07.21"]
[EventType "team-tourn"]
[EventRounds "5"]
[EventCountry "MKD"]
[SourceTitle "CBM 210 Extra"]
[Source "ChessBase"]
[SourceDate "2022.11.30"]
[SourceVersion "1"]
[SourceVersionDate "2022.11.30"]
[SourceQuality "1"]
[WhiteTeam "MSK Centar"]
[BlackTeam "Teuta Matejce"]
[WhiteTeamCountry "MKD"]
[BlackTeamCountry "MKD"]

1. e4 e6 2. d4 d5 3. Nd2 c5 4. Ngf3 c4 5. g3 b5 6. Bg2 Bb7 7. exd5 Bxd5 8. 0-0 Nf6 9. Re1 Bd6 10. Nf1 0-0 11. Ne3 Nbd7 12. Nxd5 Nxd5 13. c3 Rb8 14. a3 a5 15. Qc2 Qc7 16. Ng5 N7f6 17. Bd2 b4 18. axb4 axb4 19. Ra6 Rb6 20. Rea1 Rfb8 21. Bxd5 exd5 22. cxb4 h6 23. Nf3 Bxb4 24. Bc1 Ne4 25. Ne5 f6 26. Rxb6 Rxb6 27. Ra8+ Bf8 28. Ng6 Rb8 29. Bf4 Nd6 30. Qa4 Kf7 31. Rxb8 Qxb8 32. Nxf8 Qxf8 33. Qc6 Ke6 34. Bd2 Qc8 35. Qb6 Qb7 36. Qd8 1/2-1/2

[Event "FRM-chT2 Gp-B"]
[Site "Ohrid"]
[Date "2022.07.22"]
[Round "3.2"]
[White "Jovanovski, Zoran B"]
[Black "Zenuni, Salim"]
[Result "1-0"]
[WhiteElo "1475"]
[BlackElo "1810"]
[PlyCount "47"]
[EventDate "2022.07.21"]
[EventType "team-tourn"]
[EventRounds "5"]
[EventCountry "MKD"]
[SourceTitle "CBM 210 Extra"]
[Source "ChessBase"]
[SourceDate "2022.11.30"]
[SourceVersion "1"]
[SourceVersionDate "2022.11.30"]
[SourceQuality "1"]
[WhiteTeam "Bitola Shah Sheh"]
[BlackTeam "Teuta Matejce"]
[WhiteTeamCountry "MKD"]
[BlackTeamCountry "MKD"]

1. d4 d5 2. Nc3 c6 3. Bf4 Nd7 4. e3 h6 5. Bd3 Ngf6 6. Nf3 b5 7. a3 a5 8. e4 dxe4 9. Nxe4 Qb6 10. Qe2 Nxe4 11. Bxe4 e6 12. c3 Be7 13. 0-0 Bb7 14. Ne5 Nf6 15. Bd3 Rd8 16. Rfe1 0-0 17. Ng4 Nxg4 18. Qxg4 g5 19. Qh5 gxf4 20. Qxh6 f5 21. Qg6+ Kh8 22. Rxe6 Rd6 23. Qh5+ Kg8 24. Rxe7 1-0